| 000 | 01173nam a2200229 i 4500 | ||
|---|---|---|---|
| 001 | 153964 | ||
| 003 | ES-MaACL | ||
| 005 | 20240215145546.0 | ||
| 008 | 931025s1627 sp |||| | spa d | ||
| 100 | 1 |
_aEspinosa de los Monteros, Pablo. _947909 |
|
| 245 | 1 | 0 |
_aPrimera parte de la historia, antiguedades y grandezas de la ... ciudad de Sevilla / _ccompuesta por ... don Pablo de Espinosa de los Monteros ... |
| 260 |
_aEn Sevilla : _bEn la Officina de Matias Clavijo, _c1627. |
||
| 300 |
_a[7], 160 [i.e. 162] h. ; _cFol. |
||
| 596 | _aColofón. | ||
| 597 | _aSign.: 1-6, *1, A-V8, X2. | ||
| 597 | _aError de fol., h. 106 y 107 duplicadas. | ||
| 597 | _aPortada con el escudo xilográfico de Sevilla, que representa al rey Fernando III de Castilla, San Leandro y San Isidoro (ambos arzobispos de Sevilla) | ||
| 651 | 4 |
_aSevilla- _xHistoria- _xObras anteriores a 1800. _99390 |
|
| 852 |
_aES-MaACL _jR-3402 _dOlim: G-5775 _9159589 _xEncuadernación holandesa _zCotejado con la relación de obras recuperadas _zCambio de signatura. Datos tomados del fichero topográfico R _qFalto de la hoja *1 _pVol.1 |
||
| 942 | _2udc | ||
| 999 |
_c153964 _d153964 |
||